World Series of Darts Finals Winners - Statistics

General Stats
  • This quiz has been taken 8 times
  • The average score is 9 of 11
Answer Stats
Year Country Winner % Correct
2024 England Luke Littler
100%
2022 Wales Gerwyn Price
88%
2020 Wales Gerwyn Price
88%
2021 Wales Jonny Clayton
88%
2025 Netherlands Michael van Gerwen
88%
2023 Netherlands Michael van Gerwen
88%
2019 Netherlands Michael van Gerwen
88%
2017 Netherlands Michael van Gerwen
88%
2016 Netherlands Michael van Gerwen
88%
2015 Netherlands Michael van Gerwen
88%
2018 England James Wade
50%
No matching quizzes found
Score Distribution
Percent of People with Each Score
Percentile by Number Answered
Your Score History
You have not taken this quiz